<?xml version="1.0" encoding="UTF-8"?>
<collection xmlns="http://www.loc.gov/MARC21/slim">
 <record>
  <leader>02408nam a2200217Ia 4500</leader>
  <controlfield tag="001">TDMU_22018</controlfield>
  <controlfield tag="008">210410s9999    xx            000 0 und d</controlfield>
  <datafield tag="082" ind1=" " ind2=" ">
   <subfield code="a">363.73526</subfield>
  </datafield>
  <datafield tag="090" ind1=" " ind2=" ">
   <subfield code="b">L250</subfield>
  </datafield>
  <datafield tag="100" ind1=" " ind2=" ">
   <subfield code="a">Lê, Huy Bá</subfield>
  </datafield>
  <datafield tag="245" ind1=" " ind2="0">
   <subfield code="a">Môi trường khí hậu thay đổi - mối hiểm họa của toàn cầu</subfield>
  </datafield>
  <datafield tag="245" ind1=" " ind2="0">
   <subfield code="c">Lê Huy Bá (chủ biên), Nguyễn Thi Phú, Nguyễn Đức An</subfield>
  </datafield>
  <datafield tag="260" ind1=" " ind2=" ">
   <subfield code="a">Tp. Hồ Chí Minh</subfield>
  </datafield>
  <datafield tag="260" ind1=" " ind2=" ">
   <subfield code="b">Đại học Quốc gia Tp. Hồ Chí Minh</subfield>
  </datafield>
  <datafield tag="260" ind1=" " ind2=" ">
   <subfield code="c">2009</subfield>
  </datafield>
  <datafield tag="300" ind1=" " ind2=" ">
   <subfield code="a">284 tr.</subfield>
  </datafield>
  <datafield tag="520" ind1=" " ind2=" ">
   <subfield code="a">Tài liệu tham khảo tr. 276-284; </subfield>
   <subfield code="g">Chương mở đầu.</subfield>
   <subfield code="t">Những khám phá mới và những lời khuyên hành động --</subfield>
   <subfield code="g">Chương 1.</subfield>
   <subfield code="t">Những nguyên tắc và mục tiêu của chính sách toàn cầu nhằm bảo vệ môi trường khí quyển trái đất --</subfield>
   <subfield code="g">Chương 2.</subfield>
   <subfield code="t">Hiện trạng môi trường khí hậu từ khám phá khoa học --</subfield>
   <subfield code="g">Chương 3.</subfield>
   <subfield code="t">Tầm cỡ của hiểm họa trong tương lai --</subfield>
   <subfield code="g">Chương 4.</subfield>
   <subfield code="t">Hiện trạng nghiên cứu môi trường khí hậu --</subfield>
   <subfield code="g">Chương 5.</subfield>
   <subfield code="t">Chính sách khí hậu --</subfield>
   <subfield code="g">Chương 6.</subfield>
   <subfield code="t">Bàn luận về một chương trình hành động của cộng đồng quốc tế --</subfield>
   <subfield code="g">Chương 7.</subfield>
   <subfield code="t">Biến đổi khí hậu và kịch bản biến đổi khí hậu ở Việt Nam --</subfield>
   <subfield code="g">Chương 8.</subfield>
   <subfield code="t">Thích ứng để chung sống với biến đổi khí hậu --</subfield>
   <subfield code="g">Chương 9.</subfield>
   <subfield code="t">Xây dựng bản đồ cảnh báo nguy cơ lũ quét ở miền núi do biến đổi khí hậu, nghiên cứu điển hình tại hai tỉnh: Quảng Ngãi và Bình Phước --</subfield>
   <subfield code="g">Chương 10.</subfield>
   <subfield code="t">Ảnh hưởng biến đổi khí hậu lên các đô thị ven biển và những bài học kinh nghiệm; DL012</subfield>
   <subfield code="d">Địa lí các châu 1; DL</subfield>
   <subfield code="d">Địa lí tự nhiên đại cương 2; MT Môi trường không khí và biến đổi khí hậu; MT325 Biến đổi khí hậu</subfield>
  </datafield>
  <datafield tag="650" ind1=" " ind2=" ">
   <subfield code="a">Môi trường; Biến đổi khí hậu; Môi trường khí hậu</subfield>
  </datafield>
  <datafield tag="700" ind1=" " ind2=" ">
   <subfield code="a">Nguyễn, Thi Phú</subfield>
  </datafield>
  <datafield tag="856" ind1=" " ind2=" ">
   <subfield code="u">http://lrc.tdmu.edu.vn/opac/search/detail.asp?aID=2&amp;ID=22018</subfield>
  </datafield>
  <datafield tag="980" ind1=" " ind2=" ">
   <subfield code="a">Trung tâm Học liệu Trường Đại học Thủ Dầu Một</subfield>
  </datafield>
 </record>
</collection>
